Az űr fenomenológiája (Bretter György Párbeszéd a vágyakkal. Bp.: Magvető, 1979.)

Elmentve itt :
Bibliográfiai részletek
Szerző: Kardos András
Adatforrás:Philobibl
Forrásdokumentuma:Új Symposion
1981.,6.sz., 206-209. p.
Dokumentumtípus: Cikk
Nyelv:magyar
LEADER 00344nab a2200097 c 4500
001 bibDOK00021988
005 20200924121615.9
008 060518s1981 xx hun
100 1 |a Kardos András 
245 1 3 |a Az űr fenomenológiája (Bretter György Párbeszéd a vágyakkal. Bp.: Magvető, 1979.)  |c Kardos András 
773 0 |t Új Symposion  |g 1981.,6.sz., 206-209. p.